000 00301nam a22001337a 4500
008 170407b xxu||||| |||| 00| 0 eng d
020 _a9780763707279
041 _aeng
080 _26 ED
_a616
100 _a9
101 _aSHM
245 _aHUMAN DISEASE PATHOLOGY
_cCOWLEY.L.V
942 _2udc
_cBK
999 _c10280
_d10280